<?xml version="1.0" encoding="UTF-8"?>
<marc:record xmlns:marc="http://www.loc.gov/MARC21/slim">
   <marc:leader>00000nam a2200000 a 4500</marc:leader>
   <marc:datafield ind1="1" ind2=" " tag="100">
      <marc:subfield code="a">Kade, Sylvia</marc:subfield>
      <marc:subfield code="4">aut</marc:subfield>
      <marc:subfield code="e">Verfasser/-in</marc:subfield>
   </marc:datafield>
   <marc:datafield ind1=" " ind2=" " tag="653">
      <marc:subfield code="a">Erwachsenenbildung</marc:subfield>
   </marc:datafield>
   <marc:datafield ind1=" " ind2=" " tag="653">
      <marc:subfield code="a">Zukunftswerkstatt</marc:subfield>
   </marc:datafield>
   <marc:datafield ind1=" " ind2=" " tag="653">
      <marc:subfield code="a">DDR</marc:subfield>
   </marc:datafield>
   <marc:datafield ind1=" " ind2=" " tag="653">
      <marc:subfield code="a">Methodik</marc:subfield>
   </marc:datafield>
   <marc:datafield ind1=" " ind2=" " tag="653">
      <marc:subfield code="a">Volkshochschule</marc:subfield>
   </marc:datafield>
   <marc:datafield ind1="0" ind2="0" tag="245">
      <marc:subfield code="a">Zukunftswerkstatt - Bürgerforum</marc:subfield>
   </marc:datafield>
   <marc:datafield ind1="0" ind2="0" tag="245">
      <marc:subfield code="b">Dokumentation der Veranstaltung vom 2.-30. August 1991</marc:subfield>
   </marc:datafield>
   <marc:datafield ind1=" " ind2="1" tag="264">
      <marc:subfield code="a">Frankfurt/M.</marc:subfield>
      <marc:subfield code="b">Dt. Volkshochschul-Verb.e.V.</marc:subfield>
      <marc:subfield code="c">1991</marc:subfield>
   </marc:datafield>
   <marc:datafield ind1="1" ind2=" " tag="520">
      <marc:subfield code="a">PZ 1/92*18 Im Rahmen des Projekts "Hilfe zur Selbsthilfe für die Volkshochschulen in der ehemaligen DDR", welche vom Hrsg. dieser Broschüre initiiert wurde, moderierte der in der Stadtplanung Nürnbergs teilbeschäftigte und seit einigen Jahren in der "Moderatoren-Szene" maßgebliche Akzente setzende Reinhard Sellnow eine fünftägige Zukunftswerkstatt (ZW). Mehr noch als die Tatsache, daß damit ein weiteres Mal Impulse für die pädagogische Arbeit in der Erwachsenenbildung gesetzt wurde, ist zu vermerken, daß die vorliegende Dokumentation im Sinne der Weiterentwicklung der Methode wesentlich beiträgt. Klar gegliedert und auch für Außenstehende in allen Phasen nachvollziehbar, werden die inhaltlichen Perspektiven aufbereitet; darüber hinaus gibt der Moderator vorbehaltlos Einblick in sein pädagogisches Rüstzeug: Das Verfahren der Zeitreise, diverse entspannungs- und kommunikationsfördernde Übungen und nicht zuletzt auch organisatorische Hilfsmittel sind als Instrumentarien der ZW m.W. mit dieser Publikation erstmals einem breiten Kreis zugänglich gemacht.</marc:subfield>
   </marc:datafield>
   <marc:datafield ind1="0" ind2=" " tag="490">
      <marc:subfield code="v">0</marc:subfield>
   </marc:datafield>
   <marc:datafield ind1=" " ind2=" " tag="300">
      <marc:subfield code="a">50 S.</marc:subfield>
   </marc:datafield>
</marc:record>
